Bridge brilliance & blunders / (Record no. 186003)
[ view plain ]
| 000 -LEADER | |
|---|---|
| fixed length control field | 00513 a2200181 4500 |
| 003 - CONTROL NUMBER IDENTIFIER | |
| control field | Nust |
| 005 - DATE AND TIME OF LATEST TRANSACTION | |
| control field | 20230131085451.0 |
| 010 ## - LIBRARY OF CONGRESS CONTROL NUMBER | |
| LC control number | 74078554 |
| 020 ## - INTERNATIONAL STANDARD BOOK NUMBER | |
| International Standard Book Number | 0871284863 : |
| 040 ## - CATALOGING SOURCE | |
| Transcribing agency | Nust |
| 082 00 - DEWEY DECIMAL CLASSIFICATION NUMBER | |
| Classification number | 795.415,MIL |
| 100 1# - MAIN ENTRY--PERSONAL NAME | |
| Personal name | Miller, Richard A., |
| 9 (RLIN) | 108141 |
| 245 10 - TITLE STATEMENT | |
| Title | Bridge brilliance & blunders / |
| Statement of responsibility, etc. | Richard A. Miller. |
| 260 ## - PUBLICATION, DISTRIBUTION, ETC. | |
| Place of publication, distribution, etc. | Princeton, N.J. : |
| Name of publisher, distributor, etc. | Dow Jones Books, |
| Date of publication, distribution, etc. | [1974] |
| 300 ## - PHYSICAL DESCRIPTION | |
| Extent | 219 p. : |
| Other physical details | ill. ; |
| Dimensions | 21 cm. |
| 650 #0 - SUBJECT ADDED ENTRY--TOPICAL TERM | |
| Topical term or geographic name entry element | Contract bridge |
| General subdivision | Miscellanea. |
| 9 (RLIN) | 108142 |
| 942 ## - ADDED ENTRY ELEMENTS (KOHA) | |
| Source of classification or shelving scheme | |
| Koha item type | Book |
| Call number prefix | 795.415,MIL |
| Withdrawn status | Lost status | Source of classification or shelving scheme | Damaged status | Not for loan | Collection code | Permanent Location | Current Location | Date acquired | Total Checkouts | Full call number | Barcode | Date last seen | Price effective from | Koha item type |
|---|---|---|---|---|---|---|---|---|---|---|---|---|---|---|
| Military College of Signals (MCS) | Military College of Signals (MCS) | 12/12/2016 | 795.4152 MIL | MCS20613 | 12/08/2016 | 12/12/2016 | Book |
